[Event "BL2-Nord 2122"]
[Site "Germany"]
[Date "2022.05.14"]
[Round "5.6"]
[White "Voigt, Roland"]
[Black "Paul, Johannes"]
[Result "1/2-1/2"]
[WhiteElo "2442"]
[BlackElo "2278"]
[PlyCount "83"]
[EventDate "2022.03.05"]
[EventType "team-tourn"]
[EventRounds "10"]
[EventCountry "GER"]
[SourceTitle "EXT 2023"]
[Source "ChessBase"]
[SourceDate "2022.10.05"]
[SourceVersion "1"]
[SourceVersionDate "2022.10.05"]
[SourceQuality "1"]
[WhiteTeam "Hamburger SK II"]
[BlackTeam "Magdeburg"]
[WhiteTeamCountry "GER"]
[BlackTeamCountry "GER"]

1. c4 Nf6 2. g3 g6 3. Bg2 Bg7 4. Nf3 c5 5. Nc3 0-0 6. 0-0 d5 7. d3 Nc6 8. cxd5 Nxd5 9. Bd2 Nc7 10. Qa4 Bd7 11. Qh4 Nd4 12. Nxd4 cxd4 13. Ne4 Bc6 14. Rfc1 f5 15. Ng5 h6 16. Bxc6 hxg5 17. Bxg5 bxc6 18. Bxe7 Qd7 19. Bxf8 Rxf8 20. Rc2 Ne6 21. b4 Nc7 22. Rac1 Nd5 23. Rxc6 Nc3 24. R1xc3 dxc3 25. Qc4+ Qf7 26. d4 Qxc4 27. Rxc4 Rb8 28. e3 Bf8 29. a3 a5 30. Rxc3 axb4 31. axb4 Rxb4 32. Rc7 Rb2 33. Kg2 Bb4 34. Rb7 Bc3 35. Rxb2 Bxb2 36. Kf3 Kf7 37. g4 Kf6 38. h4 Bc3 39. gxf5 gxf5 40. Ke2 Kg6 41. Kd3 Bb4 42. e4 1/2-1/2

[Event "BL2-Nord 1920"]
[Site "Germany"]
[Date "2021.08.08"]
[Round "10.2"]
[White "Rabiega, Robert"]
[Black "Voigt, Roland"]
[Result "1/2-1/2"]
[WhiteElo "2507"]
[BlackElo "2452"]
[PlyCount "35"]
[EventDate "2019.10.19"]
[EventType "team-tourn"]
[EventRounds "9"]
[EventCountry "GER"]
[SourceTitle "EXT 2023"]
[Source "ChessBase"]
[SourceDate "2022.10.05"]
[SourceVersion "1"]
[SourceVersionDate "2022.10.05"]
[SourceQuality "1"]
[WhiteTeam "Koenig Tegel"]
[BlackTeam "Hamburger SK II"]
[WhiteTeamCountry "GER"]
[BlackTeamCountry "GER"]

1. e4 d6 2. d4 Nf6 3. Nd2 g6 4. Bc4 c6 5. Bb3 Bg7 6. Ngf3 0-0 7. 0-0 Qc7 8. Re1 e5 9. c3 b5 10. a4 a6 11. Nf1 Bb7 12. Ng3 Nbd7 13. h3 c5 14. d5 c4 15. Bc2 Nc5 16. Be3 Rfb8 17. Qd2 Bc8 18. Ra3 1/2-1/2

[Event "BL2-Nord 1920"]
[Site "Germany"]
[Date "2019.11.23"]
[Round "3.2"]
[White "Pruijssers, Roeland"]
[Black "Voigt, Roland"]
[Result "1-0"]
[WhiteElo "2550"]
[BlackElo "2452"]
[PlyCount "111"]
[EventDate "2019.10.19"]
[EventType "team-tourn"]
[EventRounds "9"]
[EventCountry "GER"]
[SourceTitle "CBM 194 Extra"]
[Source "ChessBase"]
[SourceDate "2020.03.31"]
[SourceVersion "1"]
[SourceVersionDate "2020.03.31"]
[SourceQuality "1"]
[WhiteTeam "Werder Bremen II"]
[BlackTeam "Hamburger SK II"]
[WhiteTeamCountry "GER"]
[BlackTeamCountry "GER"]

1. e4 c5 2. Nf3 e6 3. d4 cxd4 4. Nxd4 a6 5. Bd3 Nf6 6. 0-0 Qc7 7. Qe2 d6 8. c4 Nbd7 9. f4 Be7 10. Nc3 b6 11. Bd2 Bb7 12. b4 0-0 13. f5 e5 14. Nb3 Rfc8 15. Kh1 Qd8 16. a4 a5 17. bxa5 bxa5 18. Rfb1 Bc6 19. Nb5 Nc5 20. Nxc5 dxc5 21. Bc3 Nd7 22. Rd1 Bf8 23. Qe1 Ra6 24. Bc2 Qe7 25. Bxa5 Rca8 26. Bc7 Nb6 27. Bd6 Qb7 28. Bxf8 Rxf8 29. f6 Nxc4 30. Bd3 Bxb5 31. axb5 Rxa1 32. Rxa1 Nd6 33. Qg3 Ne8 34. fxg7 Nxg7 35. Qxe5 Rd8 36. Bc4 Re8 37. Qd5 Qc7 38. Rb1 Ne6 39. b6 Rb8 40. b7 Kf8 41. h3 Nd8 42. Ba6 Ne6 43. e5 Ke7 44. Qe4 h6 45. Bc4 Ng5 46. Qd5 Ne6 47. h4 Ke8 48. Qe4 Nd4 49. Bd5 Qe7 50. g3 Kd8 51. Rc1 Ne6 52. Qh7 Qd7 53. Be4 Nd4 54. Kh2 f5 55. exf6 Rxb7 56. Qg8+ 1-0

[Event "BL2-Nord 1819"]
[Site "Germany"]
[Date "2019.03.23"]
[Round "9.5"]
[White "Neumeier, Lars"]
[Black "Voigt, Roland"]
[Result "0-1"]
[WhiteElo "2304"]
[BlackElo "2445"]
[PlyCount "72"]
[EventDate "2018.11.10"]
[EventType "team-tourn"]
[EventRounds "10"]
[EventCountry "GER"]
[SourceTitle "CBM 190 Extra"]
[Source "ChessBase"]
[SourceDate "2019.07.15"]
[SourceVersion "1"]
[SourceVersionDate "2019.07.15"]
[SourceQuality "1"]
[WhiteTeam "Berlin Rotation"]
[BlackTeam "Hamburger SK II"]
[WhiteTeamCountry "GER"]
[BlackTeamCountry "GER"]

1. d4 Nf6 2. Nf3 g6 3. g3 Bg7 4. Bg2 0-0 5. 0-0 d6 6. c4 c6 7. Nc3 Bf5 8. Nh4 Be6 9. d5 cxd5 10. cxd5 Bd7 11. Be3 Qa5 12. a3 Rc8 13. h3 Be8 14. Bd4 Nbd7 15. Nf3 Qd8 16. e4 Nc5 17. e5 Nfe4 18. Nxe4 Nxe4 19. e6 f5 20. Bxg7 Kxg7 21. Qd4+ Nf6 22. Rfc1 Qb6 23. b4 Qxd4 24. Nxd4 f4 25. Bf3 fxg3 26. fxg3 g5 27. Kf2 Bg6 28. Ke3 a5 29. Nb5 axb4 30. axb4 Rxa1 31. Rxc8 Be4 32. Nc3 Bxf3 33. Kxf3 Kg6 34. Rc7 Kf5 35. Ke3 Rc1 36. b5 Rxc3+ 0-1

[Event "BL2-Ost 1516"]
[Site "Germany"]
[Date "2016.01.31"]
[Round "8.1"]
[White "Degtiarev, Evgeny"]
[Black "Voigt, Roland"]
[Result "1-0"]
[WhiteElo "2411"]
[BlackElo "2452"]
[PlyCount "133"]
[EventDate "2015.09.20"]
[EventType "team-tourn"]
[EventRounds "9"]
[EventCountry "GER"]
[SourceTitle "CBM 171 Extra"]
[Source "ChessBase"]
[SourceDate "2016.04.26"]
[SourceVersion "1"]
[SourceVersionDate "2016.04.26"]
[SourceQuality "1"]
[WhiteTeam "Magdeburg"]
[BlackTeam "Leipzig SG"]
[WhiteTeamCountry "GER"]
[BlackTeamCountry "GER"]

1. d4 Nf6 2. c4 g6 3. Nc3 Bg7 4. e4 d6 5. h3 0-0 6. Be3 e5 7. d5 c6 8. Nf3 cxd5 9. cxd5 Bd7 10. Nd2 Qe7 11. Qb3 Be8 12. Be2 Kh8 13. Qa3 Na6 14. Nc4 Rd8 15. Bxa7 b5 16. Qxa6 Ra8 17. Nxd6 Rxa7 18. Nc8 Rxa6 19. Nxe7 Rb6 20. b4 Bd7 21. 0-0 Ra8 22. a3 Ne8 23. Bg4 Bxg4 24. hxg4 Nd6 25. Nc6 Rba6 26. Na5 Bf6 27. a4 bxa4 28. Rxa4 Bg5 29. Rd1 Kg7 30. Ra2 Rb6 31. Rb1 Rc8 32. Nc6 Nc4 33. Rd1 Rc7 34. b5 Nd6 35. Ra6 Rcb7 36. Rxb6 Rxb6 37. Nxe5 Rb7 38. Nf3 Bd8 39. e5 Ba5 40. Na4 Nxb5 41. Rb1 Nd6 42. Rxb7 Nxb7 43. g5 h6 44. gxh6+ Kxh6 45. Kf1 Kh5 46. Nd4 Kg4 47. g3 Bc7 48. d6 Bxd6 49. exd6 Nxd6 50. Kg2 Kg5 51. Nc5 Kf6 52. Nc6 Nf5 53. Kf3 Ng7 54. Ne4+ Ke6 55. Ng5+ Kd6 56. Nxf7+ Kxc6 57. Kg4 Kd7 58. Kg5 Ke7 59. Kxg6 Ne8 60. Ng5 Nf6 61. f4 Ng4 62. f5 Nf6 63. Nh7 Nd7 64. Kg7 Kd6 65. f6 Ke5 66. f7 Nc5 67. f8Q 1-0

[Event "BL2-Ost 1415"]
[Site "Germany"]
[Date "2015.02.22"]
[Round "10.1"]
[White "Ikonnikov, Vyacheslav"]
[Black "Voigt, Roland"]
[Result "0-1"]
[WhiteElo "2569"]
[BlackElo "2466"]
[PlyCount "172"]
[EventDate "2014.10.18"]
[EventType "team-tourn"]
[EventRounds "10"]
[EventCountry "GER"]
[SourceTitle "CBM 166 Extra"]
[Source "ChessBase"]
[SourceDate "2015.06.18"]
[SourceVersion "1"]
[SourceVersionDate "2015.06.18"]
[SourceQuality "1"]
[WhiteTeam "Bad Mergentheim"]
[BlackTeam "Leipzig SG"]
[WhiteTeamCountry "GER"]
[BlackTeamCountry "GER"]

1. d4 Nf6 2. Nf3 g6 3. c4 Bg7 4. Nc3 0-0 5. e4 d6 6. Be2 e5 7. d5 Na6 8. Nd2 h5 9. a3 c5 10. Nf3 Nh7 11. h4 f6 12. Be3 Nc7 13. Qc2 Bd7 14. Nd2 f5 15. exf5 gxf5 16. f4 e4 17. Bxh5 b5 18. Be2 Rb8 19. Kf2 Nf6 20. h5 Bh6 21. b3 Kh8 22. g3 a6 23. Rag1 Qe7 24. Nf1 bxc4 25. bxc4 Rb7 26. Nd2 Qg7 27. Rb1 Rg8 28. Nf1 Rxb1 29. Qxb1 Ng4+ 30. Bxg4 Qxg4 31. Ke1 Ne8 32. Ne2 Nf6 33. Qb2 Rf8 34. Bd2 Kh7 35. Ne3 Qg8 36. Qb6 Rb8 37. Qxd6 Rb1+ 38. Kf2 Rxh1 39. Qxf6 Qg7 40. Qxa6 Rxh5 41. Qd6 Rh2+ 42. Ng2 Qf7 43. Bc3 Bf8 44. Qf6 Qxf6 45. Bxf6 Rh6 46. Be5 Ra6 47. Ne3 Rxa3 48. Nc3 Be7 49. Nb5 Ra2+ 50. Ke1 Kg6 51. Nd6 Ra6 52. Nb7 Rb6 53. d6 Rxb7 54. dxe7 Rb6 55. g4 fxg4 56. f5+ Kf7 57. f6 Rb3 58. Kf2 Rd3 59. Ke2 g3 60. Bxg3 Kxf6 61. Bh4+ Kf7 62. Nd5 Bc6 63. Ne3 Bd7 64. Nd5 Rh3 65. Bf2 Rh2 66. Ke1 Be6 67. Bxc5 Bxd5 68. cxd5 Rh5 69. Ke2 Rxd5 70. Bb4 Rd3 71. Bc5 Ke8 72. Bb4 Kd7 73. Kf2 Rb3 74. Bc5 Rc3 75. Bb4 Rc4 76. Ba3 Rc2+ 77. Ke1 Ra2 78. Bb4 Ra4 79. Bc5 Rc4 80. Ba3 e3 81. Ke2 Rc2+ 82. Ke1 e2 83. Bd6 Rc6 84. Bf4 Re6 85. Bg5 Ke8 86. Bh4 Kf7 0-1

[Event "BL2-Ost 1415"]
[Site "Germany"]
[Date "2015.01.31"]
[Round "7.1"]
[White "Atlas, Valeri"]
[Black "Voigt, Roland"]
[Result "1/2-1/2"]
[WhiteElo "2441"]
[BlackElo "2466"]
[PlyCount "86"]
[EventDate "2014.10.18"]
[EventType "team-tourn"]
[EventRounds "10"]
[EventCountry "GER"]
[SourceTitle "CBM 166 Extra"]
[Source "ChessBase"]
[SourceDate "2015.06.18"]
[SourceVersion "1"]
[SourceVersionDate "2015.06.18"]
[SourceQuality "1"]
[WhiteTeam "Rosenheim Pang"]
[BlackTeam "Leipzig SG"]
[WhiteTeamCountry "GER"]
[BlackTeamCountry "GER"]

1. e4 c5 2. Nf3 e6 3. d4 cxd4 4. Nxd4 a6 5. Nc3 Qc7 6. g3 Nf6 7. Bg2 d6 8. 0-0 Be7 9. g4 h6 10. h4 Nc6 11. Nxc6 bxc6 12. Re1 e5 13. f3 Nh7 14. h5 Nf8 15. Be3 g6 16. Qd2 gxh5 17. gxh5 Rg8 18. Bxh6 Ne6 19. Ne2 Ng5 20. Qe3 Qd7 21. Ng3 Nh3+ 22. Kh2 Nf4 23. Bxf4 exf4 24. Qxf4 Bg5 25. Qg4 Qxg4 26. fxg4 Bf4 27. e5 d5 28. Bh3 Bxg4 29. Rf1 Bxg3+ 30. Kxg3 Be2+ 31. Kh2 Bxf1 32. Rxf1 Rg5 33. Rf5 Rxf5 34. Bxf5 Kf8 35. Kg3 Kg7 36. Bd7 c5 37. Bc6 Rb8 38. b3 d4 39. Kf4 Rd8 40. Be4 Rh8 41. Kg5 Rh6 42. a4 a5 43. Bd3 Re6 1/2-1/2

[Event "GER CupT V2"]
[Site "Brandenburg"]
[Date "2015.01.10"]
[Round "1.1"]
[White "Rehberg, Raphael"]
[Black "Voigt, Roland"]
[Result "0-1"]
[WhiteElo "2248"]
[BlackElo "2463"]
[PlyCount "50"]
[EventDate "2015.01.10"]
[EventType "team-k.o."]
[EventRounds "2"]
[EventCountry "GER"]
[SourceTitle "EXT 2019"]
[Source "ChessBase"]
[SourceDate "2018.10.10"]
[SourceVersion "1"]
[SourceVersionDate "2018.10.10"]
[SourceQuality "1"]
[WhiteTeam "Brandenburg"]
[BlackTeam "Leipzig SG"]
[WhiteTeamCountry "GER"]
[BlackTeamCountry "GER"]

1. e4 c5 2. Nf3 e6 3. d4 cxd4 4. Nxd4 a6 5. Nc3 Qc7 6. Bd3 Nf6 7. 0-0 d6 8. a4 b6 9. Qe2 Be7 10. f4 Nbd7 11. Bd2 Bb7 12. Rae1 0-0 13. Kh1 Rfd8 14. Nf3 Nc5 15. e5 Ng4 16. exd6 Qxd6 17. Ne5 Nxd3 18. Nxd3 h5 19. h3 Nf6 20. f5 Qg3 21. fxe6 Rxd3 22. exf7+ Kh8 23. cxd3 Qxh3+ 24. Kg1 Bc5+ 25. Rf2 Qxg2# 0-1

[Event "BL2-Ost 1415"]
[Site "Germany"]
[Date "2014.11.09"]
[Round "4.1"]
[White "Voigt, Roland"]
[Black "Prohaszka, Peter"]
[Result "0-1"]
[WhiteElo "2466"]
[BlackElo "2613"]
[PlyCount "72"]
[EventDate "2014.10.18"]
[EventType "team-tourn"]
[EventRounds "10"]
[EventCountry "GER"]
[SourceTitle "CBM 166 Extra"]
[Source "ChessBase"]
[SourceDate "2015.06.18"]
[SourceVersion "1"]
[SourceVersionDate "2015.06.18"]
[SourceQuality "1"]
[WhiteTeam "Leipzig SG"]
[BlackTeam "Aue Nickelhuette"]
[WhiteTeamCountry "GER"]
[BlackTeamCountry "GER"]

1. d4 Nf6 2. Nf3 d5 3. g3 c6 4. Bg2 Bf5 5. 0-0 e6 6. Nbd2 h6 7. c3 Nbd7 8. Re1 Be7 9. h3 0-0 10. Qb3 Qc7 11. Nf1 Bd6 12. c4 dxc4 13. Qxc4 a5 14. Ne3 Nb6 15. Qb3 a4 16. Qd1 Be4 17. Nh2 Rfd8 18. Neg4 Nxg4 19. Nxg4 Bxg2 20. Kxg2 Bb4 21. Rh1 c5 22. a3 Ba5 23. Qc2 Qc6+ 24. f3 cxd4 25. Qd3 Nc4 26. Bxh6 gxh6 27. Rac1 b5 28. Nf6+ Kg7 29. Nh5+ Kf8 30. Qh7 e5 31. Rxc4 bxc4 32. Qg7+ Ke7 33. Qxe5+ Qe6 34. Qc5+ Qd6 35. Qf5 Bc7 36. Nf4 Ra5 0-1

[Event "Oberliga Ost-A 1314"]
[Site "Germany"]
[Date "2013.11.24"]
[Round "4.1"]
[White "Voigt, Roland"]
[Black "Stolz, Mike"]
[Result "1-0"]
[WhiteElo "2458"]
[BlackElo "2371"]
[PlyCount "61"]
[EventDate "2013.10.13"]
[EventType "team-tourn"]
[EventRounds "11"]
[EventCountry "GER"]
[SourceTitle "EXT 2015"]
[Source "ChessBase"]
[SourceDate "2014.11.20"]
[SourceVersion "1"]
[SourceVersionDate "2014.11.20"]
[SourceQuality "1"]
[WhiteTeam "Leipzig SG II"]
[BlackTeam "Magdeburg Rochade"]
[WhiteTeamCountry "GER"]
[BlackTeamCountry "GER"]

1. c4 f5 2. Nf3 Nf6 3. g3 d6 4. Bg2 g6 5. 0-0 Bg7 6. Nc3 0-0 7. d3 c5 8. Rb1 Nc6 9. a3 a5 10. Ne1 Be6 11. Nc2 d5 12. Na4 b6 13. Bg5 Bf7 14. Bxf6 Bxf6 15. Bxd5 Bxd5 16. cxd5 Nd4 17. Nxd4 Bxd4 18. e3 Bf6 19. Qb3 Rb8 20. d6+ Kg7 21. dxe7 Qxe7 22. Qb5 Rfd8 23. b4 axb4 24. axb4 f4 25. exf4 Bd4 26. Rfe1 Qa7 27. Re2 Qa8 28. Re4 Qd5 29. Rbe1 Kh6 30. Nxb6 Qa2 31. Rxd4 1-0

[Event "BL2-Ost 1213"]
[Site "Germany"]
[Date "2013.02.24"]
[Round "7.1"]
[White "Schenk, Andreas"]
[Black "Voigt, Roland"]
[Result "1/2-1/2"]
[WhiteElo "2487"]
[BlackElo "2432"]
[PlyCount "75"]
[EventDate "2012.10.14"]
[EventType "team-tourn"]
[EventRounds "9"]
[EventCountry "GER"]
[SourceTitle "CBM 154 Extra"]
[Source "ChessBase"]
[SourceDate "2013.06.25"]
[SourceVersion "2"]
[SourceVersionDate "2013.06.25"]
[SourceQuality "1"]
[WhiteTeam "Bayern Muenchen"]
[BlackTeam "Leipzig SG"]
[WhiteTeamCountry "GER"]
[BlackTeamCountry "GER"]

1. d4 g6 2. c4 Bg7 3. Nf3 Nf6 4. Nc3 d6 5. e4 0-0 6. Be2 e5 7. Be3 Na6 8. d5 Ng4 9. Bg5 f6 10. Bh4 h5 11. Nd2 c5 12. h3 Nh6 13. Bd3 Nf7 14. Qe2 Bh6 15. f3 Bd7 16. a3 Kg7 17. Rb1 Rh8 18. Bc2 Qe8 19. Bf2 b6 20. b4 Rb8 21. Bd3 Qe7 22. Nf1 Rhc8 23. Ne3 Nc7 24. 0-0 Na6 25. Rb2 Rf8 26. Bc2 Ng5 27. h4 Nf7 28. Ba4 Bc8 29. Bc2 Nh8 30. g3 Qd7 31. Be1 Rb7 32. Ncd1 Qe8 33. Bc3 Kg8 34. Kh1 Re7 35. Bd3 Qd7 36. Qh2 Bg7 37. g4 Bh6 38. Be1 1/2-1/2

[Event "BL2-Ost 1213"]
[Site "Germany"]
[Date "2013.02.03"]
[Round "6.1"]
[White "Voigt, Roland"]
[Black "Petr, Martin"]
[Result "1/2-1/2"]
[WhiteElo "2432"]
[BlackElo "2521"]
[PlyCount "120"]
[EventDate "2012.10.14"]
[EventType "team-tourn"]
[EventRounds "9"]
[EventCountry "GER"]
[SourceTitle "CBM 154 Extra"]
[Source "ChessBase"]
[SourceDate "2013.06.25"]
[SourceVersion "2"]
[SourceVersionDate "2013.06.25"]
[SourceQuality "1"]
[WhiteTeam "Leipzig SG"]
[BlackTeam "Bindlach"]
[WhiteTeamCountry "GER"]
[BlackTeamCountry "GER"]

1. e4 c5 2. c3 Nf6 3. e5 Nd5 4. d4 cxd4 5. Nf3 Nc6 6. cxd4 d6 7. Bc4 e6 8. 0-0 Be7 9. a3 0-0 10. Qe2 Bd7 11. b4 Rc8 12. Nbd2 b5 13. Bb3 dxe5 14. dxe5 a5 15. Ne4 axb4 16. axb4 Ncxb4 17. Bd2 Qb6 18. Rfd1 Bc6 19. Rab1 Qb7 20. Nd6 Bxd6 21. exd6 Na6 22. Ne5 Nc5 23. Bc2 Nd7 24. Rb3 Nxe5 25. Qxe5 Qd7 26. Bc1 f6 27. Qh5 f5 28. Rh3 Nf6 29. Qe2 Bd5 30. Ba3 Rb8 31. Bb4 Bc4 32. Qe5 Ng4 33. Qb2 e5 34. Ra3 e4 35. Rda1 Nf6 36. Qd4 Be6 37. Ra7 Rb7 38. h3 Rc8 39. Rxb7 Qxb7 40. Ra7 Qd5 41. Qb2 Qc6 42. Qe5 Qd5 43. Qg3 Nh5 44. Qg5 h6 45. Qxh5 Rxc2 46. Rc7 Rxc7 47. Qe8+ Kh7 48. dxc7 Qd7 49. Qd8 f4 50. Bd2 f3 51. gxf3 exf3 52. Qxd7 Bxd7 53. Kh2 g5 54. Kg3 Kg6 55. h4 g4 56. Kf4 h5 57. Ke4 Kf6 58. Bf4 Be6 59. Kd4 b4 60. c8Q Bxc8 1/2-1/2

[Event "BL2-Ost 1011"]
[Site "Germany"]
[Date "2011.04.10"]
[Round "9.1"]
[White "Voigt, Roland"]
[Black "Womacka, Mathias"]
[Result "1/2-1/2"]
[WhiteElo "2417"]
[BlackElo "2478"]
[PlyCount "50"]
[EventDate "2010.10.10"]
[EventType "team-tourn"]
[EventRounds "9"]
[EventCountry "GER"]
[SourceTitle "EXT 2012"]
[Source "ChessBase"]
[SourceDate "2011.11.24"]
[SourceVersion "1"]
[SourceVersionDate "2011.11.24"]
[SourceQuality "1"]
[WhiteTeam "Leipzig Mitte"]
[BlackTeam "Chemnitz USG"]
[WhiteTeamCountry "GER"]
[BlackTeamCountry "GER"]

1. e4 c5 2. c3 d5 3. exd5 Qxd5 4. d4 Nf6 5. Nf3 e6 6. Be3 Nbd7 7. Bd3 Be7 8. 0-0 0-0 9. Qe2 b6 10. Nbd2 Bb7 11. Bg5 cxd4 12. cxd4 Rac8 13. a3 Rfe8 14. Rfe1 Qd6 15. Rad1 Nf8 16. Nc4 Qd8 17. Nce5 Nd5 18. Bxe7 Qxe7 19. Bb5 Red8 20. Rc1 Ng6 21. Nc6 Bxc6 22. Bxc6 Qd6 23. Bxd5 Qxd5 24. Qa6 Qd7 25. g3 h6 1/2-1/2

[Event "BL2-Ost 1011"]
[Site "Germany"]
[Date "2011.02.27"]
[Round "7.2"]
[White "Espig, Lutz"]
[Black "Voigt, Roland"]
[Result "0-1"]
[WhiteElo "2365"]
[BlackElo "2417"]
[PlyCount "62"]
[EventDate "2010.10.10"]
[EventType "team-tourn"]
[EventRounds "9"]
[EventCountry "GER"]
[SourceTitle "EXT 2012"]
[Source "ChessBase"]
[SourceDate "2011.11.24"]
[SourceVersion "1"]
[SourceVersionDate "2011.11.24"]
[SourceQuality "1"]
[WhiteTeam "Koenig Plauen"]
[BlackTeam "Leipzig Mitte"]
[WhiteTeamCountry "GER"]
[BlackTeamCountry "GER"]

1. Nf3 c5 2. c4 Nf6 3. Nc3 e6 4. g3 b6 5. Bg2 Bb7 6. 0-0 d6 7. b3 Nbd7 8. Bb2 a6 9. e3 Qb8 10. Qe2 Be7 11. Rfd1 0-0 12. d4 cxd4 13. Nxd4 Bxg2 14. Kxg2 Rc8 15. f4 Ra7 16. Qf3 Rac7 17. Rac1 Nf8 18. Ne4 b5 19. cxb5 axb5 20. Rxc7 Rxc7 21. Rc1 d5 22. Nf2 Rxc1 23. Bxc1 Bc5 24. Qe2 Bxd4 25. exd4 N8d7 26. Bd2 Qa7 27. Be3 h5 28. Nd3 Ne4 29. Nc5 Ndf6 30. Qc2 Qa3 31. f5 exf5 0-1

[Event "BL2-Ost 0910"]
[Site "Germany"]
[Date "2009.11.15"]
[Round "2.1"]
[White "Voigt, Roland"]
[Black "Prusikin, Michael"]
[Result "1/2-1/2"]
[WhiteElo "2423"]
[BlackElo "2534"]
[PlyCount "76"]
[EventDate "2009.10.18"]
[EventType "team-tourn"]
[EventRounds "9"]
[EventCountry "GER"]
[SourceTitle "EXT 2011"]
[Source "ChessBase"]
[SourceDate "2010.11.26"]
[SourceVersion "1"]
[SourceVersionDate "2010.11.26"]
[SourceQuality "1"]
[WhiteTeam "Leipzig Gohlis"]
[BlackTeam "Forchheim"]
[WhiteTeamCountry "GER"]
[BlackTeamCountry "GER"]

1. e4 e6 2. d4 d5 3. Nd2 Be7 4. Ngf3 Nf6 5. Bd3 c5 6. dxc5 dxe4 7. Nxe4 Nxe4 8. Bxe4 Qxd1+ 9. Kxd1 Bxc5 10. Ke2 Nd7 11. Bf4 Nf6 12. Bd3 Ke7 13. c3 Rd8 14. Rhd1 Bd7 15. a4 Be8 16. Bc2 h6 17. b4 Bd6 18. Bxd6+ Rxd6 19. Rxd6 Kxd6 20. a5 Rc8 21. Ra3 e5 22. Nd2 Nd5 23. Ne4+ Ke7 24. Kd2 Rd8 25. Ke1 Bc6 26. g3 Nc7 27. Nd2 Nb5 28. Rb3 Bd5 29. c4 Nd4 30. Rc3 Rc8 31. Bb1 Be6 32. Be4 Rc7 33. c5 Nc6 34. Nc4 Nxb4 35. Nxe5 Na2 36. Rc2 Nb4 37. Rc3 Na2 38. Rc2 Nb4 1/2-1/2

[Event "Oberliga Ost-A 0809"]
[Site "Germany"]
[Date "2009.03.29"]
[Round "11.1"]
[White "Lechtynsky, Jiri"]
[Black "Voigt, Roland"]
[Result "1/2-1/2"]
[WhiteElo "2441"]
[BlackElo "2390"]
[PlyCount "51"]
[EventDate "2008.10.12"]
[EventType "team-tourn"]
[EventRounds "11"]
[EventCountry "GER"]
[SourceTitle "EXT 2010"]
[Source "ChessBase"]
[SourceDate "2010.11.25"]
[SourceVersion "1"]
[SourceVersionDate "2010.11.25"]
[SourceQuality "1"]
[WhiteTeam "Hoyerswerda"]
[BlackTeam "Leipzig Gohlis"]
[WhiteTeamCountry "GER"]
[BlackTeamCountry "GER"]

1. d4 g6 2. Nf3 Bg7 3. c4 Nf6 4. Nc3 d6 5. Bg5 0-0 6. e3 c6 7. Be2 Qc7 8. 0-0 Nbd7 9. Qc2 e5 10. Rad1 Re8 11. dxe5 dxe5 12. Nd2 Nf8 13. Bxf6 Bxf6 14. c5 Bg7 15. Nce4 h6 16. Nd6 Rd8 17. Bc4 Be6 18. b4 a5 19. a3 b5 20. Bb3 axb4 21. axb4 Ra3 22. Ra1 Rda8 23. Rxa3 Rxa3 24. Bxe6 Nxe6 25. Nb1 Ra6 26. Rd1 1/2-1/2

[Event "Oberliga Ost-A 0809"]
[Site "Germany"]
[Date "2009.02.01"]
[Round "7.1"]
[White "Weitzer, Steffen"]
[Black "Voigt, Roland"]
[Result "0-1"]
[WhiteElo "2274"]
[BlackElo "2390"]
[PlyCount "160"]
[EventDate "2008.10.12"]
[EventType "team-tourn"]
[EventRounds "11"]
[EventCountry "GER"]
[SourceTitle "EXT 2010"]
[Source "ChessBase"]
[SourceDate "2010.11.25"]
[SourceVersion "1"]
[SourceVersionDate "2010.11.25"]
[SourceQuality "1"]
[WhiteTeam "Leipzig Lok II"]
[BlackTeam "Leipzig Gohlis"]
[WhiteTeamCountry "GER"]
[BlackTeamCountry "GER"]

1. e4 g6 2. d4 Bg7 3. Nc3 d6 4. Be3 a6 5. h4 h6 6. Qd2 Nc6 7. 0-0-0 b5 8. Nce2 Bb7 9. h5 g5 10. Ng3 e6 11. d5 Ne5 12. dxe6 fxe6 13. Nf3 Ne7 14. Be2 N7c6 15. Nd4 Qe7 16. f3 Rf8 17. Kb1 Bc8 18. Rhe1 Bd7 19. Nxc6 Nxc6 20. c3 Qf7 21. Rf1 Be5 22. Qe1 Rb8 23. Nh1 b4 24. c4 Qg7 25. Qd2 Bc3 26. Qc1 Bd4 27. Nf2 a5 28. Rfe1 a4 29. Bxd4 Nxd4 30. Qd2 c5 31. Nd3 e5 32. Nc1 Be6 33. Rf1 Qf7 34. Rf2 Qxh5 35. Rff1 Qg6 36. Rh1 Ke7 37. Bd3 Rf6 38. Rh2 Rh8 39. Rdh1 Qf7 40. Qd1 a3 41. b3 Qg7 42. Ne2 Nxe2 43. Bxe2 Bf7 44. Qd2 h5 45. Kc1 Rfh6 46. Qe3 Qf6 47. g3 Bg6 48. Kd2 R6h7 49. Rf1 Rf8 50. Rff2 Be8 51. Rf1 Qh6 52. Rfh1 Rfh8 53. Rf1 Kd7 54. Rfh1 Kc7 55. Kd1 Qg7 56. Rf1 Bc6 57. Rhf2 Qg6 58. Bd3 Re7 59. Kd2 g4 60. fxg4 Qxg4 61. Rf7 Rh7 62. Rxe7+ Rxe7 63. Be2 Qxe4 64. Qxe4 Bxe4 65. Bxh5 Rg7 66. g4 Kd7 67. Ke3 Bg6 68. Rf2 Ke6 69. Bxg6 Rxg6 70. Rg2 Rh6 71. g5 Rh3+ 72. Ke4 Rh4+ 73. Ke3 Kf7 74. Rf2+ Kg6 75. Rf6+ Kxg5 76. Rxd6 Kf5 77. Rd5 Rh3+ 78. Kd2 Rh2+ 79. Ke3 Rxa2 80. Rxc5 Rb2 0-1

[Event "Oberliga Ost-A 0809"]
[Site "Germany"]
[Date "2009.01.18"]
[Round "5.1"]
[White "Proehl, Holger"]
[Black "Voigt, Roland"]
[Result "1/2-1/2"]
[WhiteElo "2412"]
[BlackElo "2390"]
[PlyCount "33"]
[EventDate "2008.10.12"]
[EventType "team-tourn"]
[EventRounds "11"]
[EventCountry "GER"]
[SourceTitle "EXT 2010"]
[Source "ChessBase"]
[SourceDate "2010.11.25"]
[SourceVersion "1"]
[SourceVersionDate "2010.11.25"]
[SourceQuality "1"]
[WhiteTeam "Loeberitz"]
[BlackTeam "Leipzig Gohlis"]
[WhiteTeamCountry "GER"]
[BlackTeamCountry "GER"]

1. e4 g6 2. d4 Bg7 3. Nf3 d6 4. h3 Nd7 5. Bc4 e6 6. 0-0 Ne7 7. Re1 0-0 8. c3 b6 9. Nbd2 Bb7 10. Qe2 c5 11. Ba6 Bxa6 12. Qxa6 cxd4 13. Nxd4 d5 14. N4f3 Nc5 15. Qe2 Nc6 16. exd5 Qxd5 17. Nf1 1/2-1/2

[Event "Dresden ZMD op"]
[Site "Dresden"]
[Date "2008.07.24"]
[Round "6"]
[White "Klippel, Jan"]
[Black "Voigt, Roland"]
[Result "1/2-1/2"]
[WhiteElo "2016"]
[BlackElo "2381"]
[PlyCount "55"]
[EventDate "2008.07.19"]
[EventType "swiss"]
[EventRounds "9"]
[EventCountry "GER"]
[SourceTitle "CBM 125 Extra"]
[Source "ChessBase"]
[SourceDate "2008.09.01"]
[SourceVersion "1"]
[SourceVersionDate "2008.09.01"]
[SourceQuality "1"]

1. d4 g6 2. Nf3 Bg7 3. Bf4 d6 4. e3 Nf6 5. Be2 0-0 6. 0-0 a6 7. c4 b6 8. Nc3 c5 9. Bg3 Nc6 10. h3 Rb8 11. Rc1 h6 12. Bh2 Bf5 13. Bd3 Bxd3 14. Qxd3 Qc8 15. d5 Na5 16. b3 Nd7 17. e4 g5 18. Rfe1 Ne5 19. Qe2 Kh7 20. Nd1 Nxf3+ 21. Qxf3 Be5 22. Qh5 Bxh2+ 23. Kxh2 f6 24. Ne3 Qe8 25. Qg4 b5 26. g3 Rb7 27. Kg2 Qg6 28. Rh1 1/2-1/2